000 00398pab a2200157 454500
008 180718b2001 xxu||||| |||| 00| 0 eng d
100 _aMadan, Sushila
245 _aSecurity risk management practices of e-business in India
260 _c2001
300 _ap.92-97
650 _aElectronic commerce
700 _aJaiswal, M.P.
700 _aMuneesh Kumar
773 _aVision
909 _a51463
999 _c51463
_d51463